000 01038nam a22002177a 4500
999 _c62403
_d62403
003 Ge_BSU
005 20241104105902.0
008 241023s1988 ge ||||| |||| 00| 0 geo d
041 _ageo
080 _a616.611-002-053.2 გ-30
100 _aგელოვანი, მერი
_eავტორი.
_923483
245 _aგლომერულოპათია ბავშვთა ასაკში /
_c მერი გელოვანი, გიული მეგრელიშვილი, რედ.ი.ხუნდაძე.
264 _aთბილისი:
_bსაბჭ. საქართველო,
_c1988.
300 _a166 გვ. :
_bილ. ;
_c 19 სმ.
653 _aგლომერულოპათია ბავშვებში.
653 _aმედიცინა
653 _aპედიატრია
700 _aმეგრელიშვილი, გიული
_923484
700 _aხუნდაძე, ი
_eრედაქტორი
_922492
942 _2udc
_cBK